书目信息 |
| 题名: |
塑性力学
|
|
| 作者: | 杨桂通 , 树学锋 编著 | |
| 分册: | ||
| 出版信息: | 武汉 中国建材工业出版社 2000.03 |
|
| 页数: | 219页 | |
| 开本: | 32开 | |
| 丛书名: | ||
| 单 册: | ||
| 中图分类: | O344 | |
| 科图分类: | ||
| 主题词: | 固体力学 | |
| 电子资源: | ||
| ISBN: | 7-80090-971-9 | |
| 000 | 00583nam0 2200205 45 | |
| 001 | 0007221584 | |
| 005 | 20010221164148.1 | |
| 010 | @a7-80090-971-9@d15.30元 | |
| 100 | @a20000722d2000 km y0chiy0120 ea | |
| 101 | 0 | @achi |
| 105 | @a z 000yy | |
| 200 | 1 | @a塑性力学@ASu Xing Li Xue@f杨桂通,树学锋编著@FYangGui Tong,Shu Xue Feng Bian Zhu |
| 210 | @a武汉@c中国建材工业出版社@d2000.03 | |
| 215 | @a219页@d32开 | |
| 606 | 0 | @a固体力学 |
| 690 | @aO344@v3 | |
| 701 | 0 | @a杨桂通@4编著 |
| 701 | 0 | @a树学锋@4编著 |
| 801 | @aCN@bPftUser@c20000722 | |
| 905 | @dO344@eY835@b323393-395@f3 | |
| 塑性力学/杨桂通,树学锋编著.-武汉:中国建材工业出版社,2000.03 |
| 219页;32开 |
| ISBN 7-80090-971-9:15.30元 |
| ● |
| 相关链接 |
|
|
|
正题名:塑性力学
索取号:O344/Y835
 
预约/预借
| 序号 | 登录号 | 条形码 | 馆藏地/架位号 | 状态 | 备注 |
| 1 | 323393 | 203233937 | 自科库401/401自科库 53排2列1层/ [索取号:O344/Y835] | 在馆 | |
| 2 | 323394 | 203233946 | 自科库401/401自科库 53排2列1层/ [索取号:O344/Y835] | 在馆 | |
| 3 | 323395 | 203233955 | 自科库401/401自科库 53排2列1层/ [索取号:O344/Y835] | 在馆 |